00609nam a2200193Ia 4500008004100000041001200041082001200053100003200065245006500097260003500162300000800197365000800205520002000213546001200233630006500245650002000310655002000330730006500350101110s9999 xx 000 0 und d aMARATHI bSR31778 aK' Sagar Publications, Pune aSampurna marathi : shabdasangraha, vyakran lekhan va aakalan c2009bK'Sagar publication,Pune a353 b150 aReference Books aMARATHI aSampurna marathi : shabdasangraha, vyakran lekhan va aakalan aReference Books aReference Books aSampurna marathi : shabdasangraha, vyakran lekhan va aakalan